Guess the State: National Seashores & Lakeshores Quiz Stats

 Plays Quiz not verified by Sporcle

Also try: Tropical Minefield
Challenge
Share
Tweet
Embed
Score 0/14 Timer 10:00
0 Plays Today
Seashore or Lakeshore State or Territory % Correct
Cape CodMassachusetts
98%
CanaveralFlorida
96.1%
Cape HatterasNorth Carolina
94.1%
Indiana DunesIndiana
94.1%
Padre IslandTexas
92.2%
Gulf IslandsFlorida & Mississippi
90.2%
Assateague IslandMaryland & Virginia
84.3%
Seashore or Lakeshore State or Territory % Correct
Apostle IslandsWisconsin
82.4%
Fire IslandNew York
82.4%
Pictured RocksMichigan
82.4%
Point ReyesCalifornia
80.4%
Sleeping Bear DunesMichigan
74.5%
Cape LookoutNorth Carolina
70.6%
Cumberland IslandGeorgia
64.7%

You're not logged in!

Compare scores with friends on all Sporcle quizzes.
OR
Log In

You Might Also Like...

Show Comments

Extras

Top Quizzes Today


Score Distribution

Your Account Isn't Verified!

In order to create a playlist on Sporcle, you need to verify the email address you used during registration. Go to your Sporcle Settings to finish the process.

Report this User

Report this user for behavior that violates our Community Guidelines.

Details: